000 00621nam a2200217 a 4500
005 20191224041516.0
008 140219b1993 ck ||||| |||| 00| 0 spa d
040 _aCO-BoIAVH
_cCO-BoIAVH
041 _aspa
044 _ack
082 _a660.62
_bC95b
100 _aCrueger, Wulf
245 1 4 _aBiotecnología
_bmanual de microbiología industrial
260 _aZaragoza
_bEditorial Acribia
_c1993
300 _a413 páginas
_c23 x 16cm
650 1 4 _aMicrobiología
650 1 4 _aBiotecnología
650 1 4 _aMétodos de laboratorio
700 _aCrueger, Anneliese
942 _cLIBRO
_2ddc
999 _c176
_d176